Fire in the blood (Record no. 2104)
[ view plain ]
| 000 -CABECERA | |
|---|---|
| campo de control de longitud fija | 01032nam a2200277Ia 4500 |
| 001 - NÚMERO DE CONTROL | |
| campo de control | 2164 |
| 008 - DATOS DE LONGITUD FIJA--INFORMACIÓN GENERAL | |
| campo de control de longitud fija | 230305s2013 xx 000 0 und d |
| 020 ## - NÚMERO INTERNACIONAL ESTÁNDAR DEL LIBRO | |
| Número Internacional Estándar del Libro | 5027626409043 |
| 043 ## - CÓDIGO DE ÁREA GEOGRÁFICA | |
| Código de área geográfica | en_UK |
| 041 ## - CÓDIGO DE LENGUA | |
| Código de lengua del texto/banda sonora o título independiente | eng |
| 245 #0 - MENCIÓN DE TÍTULO | |
| Título | Fire in the blood |
| 260 ## - PUBLICACIÓN, DISTRIBUCIÓN, ETC. | |
| Lugar de publicación, distribución, etc. | |
| Nombre del editor, distribuidor, etc. | Network, |
| Fecha de publicación, distribución, etc. | 2013 |
| 300 ## - DESCRIPCIÓN FÍSICA | |
| Extensión | 1 disco DVD |
| 520 ## - SUMARIO, ETC. | |
| Sumario, etc. | A finales de 1990 y principios de 2000, los gobiernos occidentales y las empresas farmacéuticas impidieron que los medicamentos antirretrovirales de bajo costo llegaran a los enfermos de SIDA de África, causando 10 millones o más de muertes innecesarias. Un grupo de personas decidió luchar para defenderse. |
| 590 ## - NOTA LOCAL (RLIN) | |
| Procedencia (VM) [OBSOLETO] | Idiomas disponibles: Inglés |
| 650 #0 - PUNTO DE ACCESO ADICIONAL DE MATERIA--TÉRMINO DE MATERIA | |
| Término de materia o nombre geográfico como elemento de entrada | Feature films |
| 9 (RLIN) | 26078 |
| 700 ## - ENTRADA AGREGADA--NOMBRE PERSONAL | |
| Nombre de persona | Gray, Dylan M, |
| Término indicativo de función/relación | Author |
| 9 (RLIN) | 21822 |
| 856 ## - LOCALIZACIÓN Y ACCESO ELECTRÓNICOS | |
| Identificador Uniforme del Recurso | <a href="https://www.imdb.com/title/tt1787067/?ref_=fn_al_tt_1">https://www.imdb.com/title/tt1787067/?ref_=fn_al_tt_1</a> |
| 902 ## - ELEMENTOS DE DATOS B LOCAL, LDB (RLIN) | |
| a | 178 |
| 905 ## - ELEMENTOS DE DATOS E LOCAL, LDE (RLIN) | |
| a | m |
| 911 ## - EQUIVALENCIA O REFERENCIA-CRUZADA-NOMBRE DE CONFERENCIA O REUNIÓN/CONGRESO [LOCAL, CANADÁ] | |
| Nombre de congreso/reunión o jurisdicción como elemento de entrada | https://biblioteca.tbs-education.es/portadas/5027626409043.jpg |
| 912 ## - | |
| -- | 2013-01-01 |
| 942 ## - ELEMENTOS DE ENTRADA AGREGADA (KOHA) | |
| Código de la institución [OBSOLETO] | 1 |
| 953 ## - | |
| -- | 2018-05-03 15:42:11 |
| Estado de retiro | Estado de pérdida | Estado dañado | No para préstamo | Biblioteca de origen | Biblioteca actual | Ubicación en estantería | Fecha de adquisición | Total de préstamos | Signatura topográfica completa | Código de barras | Fecha visto por última vez | Precio válido a partir de | Tipo de ítem Koha |
|---|---|---|---|---|---|---|---|---|---|---|---|---|---|
| TBS Barcelona | TBS Barcelona | Libre acceso | 03/05/2018 | DVD GRA | DVD GRA (Fir)-1 | 03/05/2018 | 05/03/2023 | DVD |

